000 00822nam a22002177a 4500
999 _c22375
_d22375
003 AR-CdUCM
008 190308b ||||| |||| 00| 0 spa d
020 _a9789562444422
040 _aMUNICIPALIDAD PROVINCIAL DEL CUSCO
_cBIBLIOTECA MUNICIPAL DEL CUSCO
082 _a928.61/M678
_bM678
100 _aMistral, Gabriela
_913947
245 _aEncuentro con Perú /
_cGabriela Mistral ; selección de Pedro Pablo Zegers
260 _aSantiago,
_aChile,
_bEdiciones Biblioteca Nacional,
_c2019.
300 _a273 páginas. :
_bretratos, facsímiles ;
_c15 x 23 cm.
505 _aContenido: Notas de prensa. -- Correspondencia a Gabriela Mistral. -- De puño y letra.
650 _aGabriela Mistral
_947966
650 _aViajes Perú
_947967
710 _aZegers, Pedro Pablo
_947968
942 _2ddc
_cLIBROS
945 _arac